02007cam a22003734a 4500999001900000001000900019003000500028005001700033008004100050010001700091020003600108020003600144040001800180042000800198043001200206050002100218082002300239100002100262245009700283260004400380300003400424504005400458505062800512650003601140650004001176650003801216650003401254700002301288856007301311856008901384906004501473942001201518952010301530 c232766d23276612266264Nust20180117090023.0001227s2001 dcua b 001 0 eng  a 00013087  a1559639008 (cloth : alk. paper) a1559639016 (paper : alk. paper) aDLCcDLCdDLC apcc an-us---00aSD143b.B48 200100a333.75/16/09732211 aBest, Constance.10aAmerica's private forests :bstatus and stewardship /cConstance Best and Laurie A. Wayburn. aWashington, DC :bIsland Press,cc2001. axxx, 268 p. :bill. ;c24 cm. aIncludes bibliographical references (p. 245-254).8 aMachine generated contents note: Part One -- An Overview of America's Private Forests 1 -- Chapter 1: Who Owns the Forest and Why? 5 -- Chapter 2: The Nature of America's Private Forests 41 -- Chapter 3: Threats to Private Forests and Barriers to Their Conservation 97 --Part Two -- The Conservation Toolbox and How to Use It 117 -- Chapter 4: Public Programs and Policies for Private Forests 121 -- Chapter 5: Cultural Tools: Communication, Education, and Assistance 143 -- Chapter 6: Financial Mechanisms and Markets for Conservation 165 -- Chapter 7: An Action Plan to Accelerate the Conservation of Private Forests 187. 0aPrivate forestszUnited States. 0aForest conservationzUnited States. 0aForest managementzUnited States. 0aForest policyzUnited States.1 aWayburn, Laurie A.413Table of contentsuhttp://www.loc.gov/catdir/toc/fy034/00013087.html423Publisher descriptionuhttp://www.loc.gov/catdir/enhancements/fy0666/00013087-d.html a7bcbccorignewd1eecipf20gy-gencatlg 2ddccBK 00102ddc4070aCLbCLcGENd2017-02-23o333.75160973 BESpS3H-N-1025r2017-02-23w2017-02-23yBK